Archi y Vero / Antonio de Benito ; ilustrado por María José Achiaga
ISBN:
978-84-241-7810-9
Descripción Física:
70 p. : il. col. ; 19 cm
Otros Autores:
Achiaga, María José
Materias:
Arxius -- Llibres per a infants
MARC
| LEADER | 00000nam a2200000Ia 4500 | ||
|---|---|---|---|
| 001 | 19084 | ||
| 003 | BGR | ||
| 005 | 20260324180042.0 | ||
| 008 | 160829s2007 xx 000 0 cat d | ||
| 020 | |a 978-84-241-7810-9 | ||
| 080 | |a A-2-283 | ||
| 100 | |a Benito, Antonio de |9 44852 | ||
| 245 | |a Archi y Vero / Antonio de Benito ; ilustrado por María José Achiaga | ||
| 260 | |a León : |b Everest, |c 2007 | ||
| 300 | |a 70 p. : |b il. col. ; |c 19 cm | ||
| 650 | |a Arxius |x Llibres per a infants |9 44853 | ||
| 700 | 1 | |a Achiaga, María José |9 44854 |e il. | |
| 901 | |a Arxiu | ||
| 942 | |n 1 |2 udc |c MON | ||
| 952 | |0 0 |1 0 |4 0 |6 A2283 |7 1 |9 52213 |a Arxiu |b Arxiu |d 2016-12-01 |l 0 |o A-2-283 |p 19084 |r 2016-12-01 00:00:00 |w 2016-12-01 |y ARXIU | ||
| 999 | |c 56061 |d 56061 | ||